000 00383nam a2200145Ia 4500
008 220204s9999 xx 000 0 und d
082 _a519.2
_bODE
100 _aFox, Martin
245 0 _aSample size choice
260 _aNew York
_bMarcel Dekker
_c1975
490 _aStatistics: Textbooks and monographs V 14
650 _aLinear models
700 _aOdeh, Robert E
942 _cBK
999 _c25575
_d25575